LIBRARY & INFORMATION CENTRE, KCAET, TAVANUR

ONLINE PUBLIC ACCESS CATALOGUE (OPAC)

Engineering materials technology / (Record no. 13733)

MARC details
000 -LEADER
fixed length control field 00441nam a2200169 a 4500
020 ## - INTERNATIONAL STANDARD BOOK NUMBER
ISBN 0750617403 (pbk.)
020 ## - INTERNATIONAL STANDARD BOOK NUMBER
ISBN 9780750639170
082 00 - DEWEY DECIMAL CLASSIFICATION NUMBER
Classification number 620.11
Item number BOL/EN
100 1# - MAIN ENTRY--AUTHOR NAME
Personal name Bolton, W.
245 10 - TITLE STATEMENT
Title Engineering materials technology /
250 ## - EDITION STATEMENT
Edition statement 2nd ed.
260 ## - PUBLICATION, DISTRIBUTION, ETC. (IMPRINT)
Place of publication Oxford [England] :
Name of publisher Newnes,
-- Butterworth-Heinemann
Year of publication 2001
300 ## - PHYSICAL DESCRIPTION
Number of Pages xii, 548 p. :
Other physical details ill. ;
500 ## - GENERAL NOTE
General note Includes index.
650 #0 - SUBJECT ADDED ENTRY--TOPICAL TERM
Topical Term Materials.
942 ## - ADDED ENTRY ELEMENTS (KOHA)
Koha item type Books
Holdings
Withdrawn status Lost status Damaged status Collection code Home library Current library Shelving location Date acquired Source of acquisition Cost, normal purchase price Full call number Accession Number Koha item type
      Non-fiction KAUAET KAUAET General Stacks 31/03/2012 Southern Book star, Tvm 895.00 620.11 BOL/EN 23379 Books
free website counter